00718nam a2200205Ia 4500003000400000005001700004008004100021040000700062041000800069082002200077100003300099245006200132260003200194300001200226365001300238906007600251942001200327999001900339952015400358OSt20230626114848.0210423s9999 xx 000 0 und d cAL aeng a420.02 223bCHOH aCHOUDHARY (Hira lal).995277 aUpkars UGC NET/JRF/SET: english literature paper11 & 111. bUpkar prakashanaAgrac2013 a580bPB b395cINR a& ; 111. ; english ; literature ; NET/JRF/SET: ; paper11 ; UGC ; Upkars cBK2ddc c161354d161354 001040708MAENGaSACPGbSACPGd2013-07-20eHigginbothams Pvt Ltdg395.00l1o420.02 CHOHpPG007836r2025-11-06 11:53:58s2025-10-30w2021-04-26yBK